000 00502nam a2200181Ia 4500
001 19414
005 20260306172651.0
008 260306t1995||||xx |||||||||||||| ||spa||
041 _aESP
082 _a659.2
_bS47
100 _aGreen Peter, Sheldon
_eAUT
245 0 _aTácticas de relaciones públicas:
_btécnicas efectivas de relaciones públicas para disparar sus ventas
260 _c1995
300 _a201 páginas :
_c24 cm.
650 _aGEN
654 _aCAN
942 _cLIB
_dJUS
_fJUS
_2ddc
_n
999 _c19414
_d19414